| 000 | 01106nam a22003377a 4500 | ||
|---|---|---|---|
| 003 | CHAP | ||
| 005 | 20220329135908.0 | ||
| 008 | 971013s1908 r 00010 d | ||
| 010 | _a43840 | ||
| 011 | _a44812 | ||
| 035 | _a48951 | ||
| 040 | _cCHAP | ||
| 090 | _aFolleto 5985 | ||
| 100 | 0 | 0 |
_aRamírez, Román. _994368 |
| 245 | _aGorgojos y palomillas de los graneros y de las harinas | ||
| 260 |
_a(México, D. F.) : _bEstación Agrícola Central, _c1908 |
||
| 300 |
_a5 p. _b: ilus. |
||
| 490 |
_aCircular CIASE _v; 5 |
||
| 590 |
_aBATCH-UPD _b10 _c20130110 _lUCH01 _h0325 |
||
| 590 |
_aBATCH-UPD _b10 _c20130110 _lUCH01 _h2011 |
||
| 590 |
_aBATCH-UPD _b10 _c20130409 _lUCH01 _h2358 |
||
| 590 |
_aBATCH-UPD _b10 _c20130914 _lUCH01 _h0913 |
||
| 590 |
_aCONVERSION _b10 _c20130109 _lUCH01 _h1324 |
||
| 650 | 1 | 4 |
_aCereales _xAlmacenamiento _xPlagas. _921378 |
| 650 | 1 | 4 |
_aSitophilus granarius. _9106788 |
| 830 | 0 |
_aCircular CIASE _v; 5 _923374 |
|
| 901 | _aBK | ||
| 942 | _cFOLL | ||
| 949 |
_aFolleto 5985 _bBC _cBPP _d-110595 _eBPP _i48951 _mD _si |
||
| 949 |
_aFolleto 5985 _bBC _cBPP _d-110596 _eBPP _fc.2 _i48951 _mD _si |
||
| 999 |
_c43840 _d43840 |
||